| 000 | 00432cam a2200169ua 4500 | ||
|---|---|---|---|
| 020 | _c7.25 | ||
| 041 |
_aeng _h |
||
| 082 |
_a821 _bCHA/MA |
||
| 100 | _aChattopadhyaya, Harindranath . | ||
| 245 |
_aMasks and farewells / _cHarindranath Chattopadhyaya. _hTextual Documents |
||
| 260 |
_aMumbai : _bAsia Publishing House , _c1961. |
||
| 300 | _a61 ; . | ||
| 365 | _a7.25 | ||
| 504 | _a | ||
| 942 | _cBK | ||
| 999 |
_c5115 _d5115 |
||